000 00588nam a2200253Ia 4500
005 20260306154013.0
008 008 260114s9999 xx 000 0 eng d
020 _a9781139173742
037 _aEBOOK
040 _aCRL
040 _beng
040 _cCRL
041 _2eng
041 _aeng
084 _qCRL
100 _aMiller
245 0 _aManagerial Dilemmas 1st ed
260 _bCambridge University Press
260 _c2012
650 _aPolitical Science
856 _uhttps://doi.org/10.1017/CBO9781139173742
942 _cEBOOK
999 _c1705762
_d1705762